书目信息 |
| 题名: |
发电厂变电所电气部分
|
|
| 作者: | 刘宝贵 , 杨志辉 编 | |
| 分册: | ||
| 出版信息: | 北京 中国电力出版社 2008.05 |
|
| 页数: | 295页 | |
| 开本: | 26cm | |
| 丛书名: | ||
| 单 册: | ||
| 中图分类: | TM62 , TM63 | |
| 科图分类: | ||
| 主题词: | 发电厂--fa dian chang--电气设备--高等学校--教材 , 变电所--bian dian suo--电气设备--高等学校--教材 | |
| 电子资源: | ||
| ISBN: | 978-7-5083-7665-3 | |
| 000 | 01071nam0 2200277 450 | |
| 001 | 012008960167 | |
| 005 | 20181219081346.89 | |
| 010 | @a978-7-5083-7665-3@dCNY28.60 | |
| 100 | @a20081221d2008 em y0chiy0120 ea | |
| 101 | 0 | @achi |
| 102 | @aCN@b110000 | |
| 105 | @aak a 000yy | |
| 200 | 1 | @a发电厂变电所电气部分@Afa dian chang bian dian suo dian qi bu fen@f刘宝贵, 杨志辉编@Fliu bao gui,yang zhi hui bian |
| 210 | @a北京@c中国电力出版社@d2008.05 | |
| 215 | @a295页@c图@d26cm | |
| 300 | @a21世纪高等学校规划教材 | |
| 320 | @a有书目 (第295页) | |
| 330 | @a本书共10章,包括绪论、高压开关电器、互感器、电气主接线、发电厂变电所的自用电、配电装置、电力系统中性点接地方式、载流导体的发热、电动力及选择、电气设备的选择、发电厂和变电所的控制与信号。 | |
| 606 | 0 | @a发电厂@Afa dian chang@x电气设备@x高等学校@j教材 |
| 606 | 0 | @a变电所@Abian dian suo@x电气设备@x高等学校@j教材 |
| 690 | @aTM62@v4 | |
| 690 | @aTM63@v4 | |
| 701 | 0 | @a刘宝贵@Aliu bao gui@4编 |
| 701 | 0 | @a杨志辉@Ayang zhi hui@4编 |
| 801 | 0 | @aCN@bQSSK@c20081221 |
| 905 | @b735944-46@dTM62@eL581@f3 | |
| 发电厂变电所电气部分/刘宝贵, 杨志辉编.-北京:中国电力出版社,2008.05 |
| 295页:图;26cm |
| 21世纪高等学校规划教材 |
| ISBN 978-7-5083-7665-3:CNY28.60 |
| 本书共10章,包括绪论、高压开关电器、互感器、电气主接线、发电厂变电所的自用电、配电装置、电力系统中性点接地方式、载流导体的发热、电动力及选择、电气设备的选择、发电厂和变电所的控制与信号。 |
| ● |
| 相关链接 |
|
|
|
正题名:发电厂变电所电气部分
索取号:TM62/L581
 
预约/预借
| 序号 | 登录号 | 条形码 | 馆藏地/架位号 | 状态 | 备注 |
| 1 | 1301344 | 213013442 | 自科库301/301自科库 18排2列3层/ [索取号:TM62/L581] | 在馆 | |
| 2 | 474830 | 204748309 | 自科库301/301自科库 14排4列5层/ [索取号:TM62/L581] | 在馆 | |
| 3 | 735944 | 207359446 | 期刊室512/301自科库 10排2列5层/ [索取号:TM62/L581] | 在馆 | |
| 4 | 735945 | 207359455 | 自科二线400A/400A自科库 1排2列2层/ [索取号:TM62/L581] | 在馆 | |
| 5 | 735946 | 207359464 | 期刊室512/301自科库 9排3列5层/ [索取号:TM62/L581] | 在馆 |